| 000 | 00602nam a22001937a 4500 | ||
|---|---|---|---|
| 005 | 20170120150958.0 | ||
| 010 | _aENG-117129 | ||
| 020 |
_a9789386050809 _c250.00 |
||
| 035 | _aEN-100661 | ||
| 037 | _bDBAD/PUB | ||
| 082 | _aS | ||
| 100 | _aDoyle,Arthur Conan | ||
| 245 |
_aThe case of lady sannox : _cby Arthur Conan Doyle ; introduction by Jerry Pinto _bMedical mysteries and other adventures / |
||
| 260 |
_aNew Delhi _bSpeaking Tiger _c2016 |
||
| 270 |
_a4381/4, Ansari Road,Daryaganj, _bNew Delhi _e110002 |
||
| 300 |
_a231p. _c19cm(pbk) |
||
| 700 | _aPinto,Jerry | ||
| 942 |
_2ddc _cEN _hS _mDOY |
||
| 999 |
_c105930 _d105930 |
||